[Event "20th Dubai Open 2018"]
[Site "Dubai"]
[Date "2018.04.02"]
[Round "1"]
[White "Abou El Zein, Eid Mahmoud"]
[Black "Iturrizaga Bonelli, Eduardo"]
[Result "0-1"]
[WhiteElo "2156"]
[BlackElo "2624"]
[Annotator "TA"]
[PlyCount "72"]
[EventDate "2018.??.??"]
[EventType "swiss"]
[EventCountry "UAE"]
[SourceTitle "playchess.com"]
[Source "ChessBase"]
[SourceQuality "1"]

{[%evp 31,72,97,81,100,93,56,52,47,55,42,63,52,78,-16,0,-78,0,0,0,-80,0,-43,-37,-133,-126,-72,5,-205,-122,-294,-317,-825,-845,-843,-824,-838,-805,-1845,-1746,-1654,-1631,-29998,-29999]} 1. d4 Nf6 2. c4 c5 3. d5 b5 4. cxb5 a6 5. bxa6 g6 6. Nc3 Bxa6 7. Nf3 Bg7 8. g3 O-O 9. Bg2 d6 10. O-O Nbd7 11. Rb1 Qa5 12. Bd2 Bb7 {A58: Benko/Volga Gambit: Lines with 5 bxa6} 13. b3 Qa6 14. e4 e6 15. dxe6 fxe6 16. Ng5 d5 {LiveBook: 3 Games} 17. exd5 exd5 18. a4 h6 19. Nf3 {[#]} Ne4 $146 ({Predecessor:} 19... d4 20. Nb5 {½-½ (62) Damljanovic,B (2555)-Ivanisevic,I (2630) Kragujevac 2011}) 20. Nxe4 dxe4 21. Ne1 $1 Qe6 {[#]} 22. Qc1 (22. Nd3 $1 $16 {[%mdl 512]}) 22... Kh7 $36 {[%mdl 2048] Black fights for an advantage.} 23. f4 {[#]} (23. Nd3 $11) 23... Bd5 (23... exf3 $1 $17 24. Nxf3 Rxf3 25. Rxf3 (25. Bxf3 $2 {perishes.} Bd4+ 26. Kh1 Bxf3+ 27. Rxf3 Ne5 $19) 25... Bxf3 26. Bxf3 Rf8) 24. a5 Bxb3 25. Nc2 (25. Bc3 $1 $11 {remains equal.} c4 26. Rf2) 25... c4 (25... Ba2 $17 26. Rb7 Qc6) 26. Na1 Nc5 27. Qa3 ({Better is} 27. Nxb3 $15 Nxb3 28. Qc2) 27... Bd4+ $17 28. Kh1 Rfb8 {[#]} (28... e3 $17 29. Bb4 Rfc8 30. Nxb3 Nxb3) 29. h3 $2 (29. Bc3 $1 $11 {[%mdl 512] and White stays safe.} Bxc3 30. Qxc5) 29... Rb5 (29... e3 $19 30. Bb4 e2 31. Bxc5 exf1=B 32. Rxf1 Bc3) 30. Nc2 $2 (30. Nxb3 $17 {might work better.} cxb3 31. g4) 30... Bg7 $19 {Strongly threatening ...c3.} 31. Be3 $2 (31. Ne3 c3 32. Bxc3 Bxc3 33. Qc1) 31... Raxa5 32. Qc1 Nd3 33. Qd1 Ra2 34. Nd4 Bxd1 35. Rxb5 Qd7 36. Bxe4 Qxh3+ {Precision: White = 17%, Black = 62%.} 0-1

[Event "20th Dubai Open 2018"]
[Site "Dubai"]
[Date "2018.04.03"]
[Round "1"]
[White "Abou El Zein, Eid Mahmoud"]
[Black "Iturrizaga Bonelli, Eduardo"]
[Result "0-1"]
[WhiteElo "2156"]
[BlackElo "2624"]
[Annotator "TA"]
[PlyCount "61"]
[EventDate "2018.??.??"]
[EventType "swiss"]
[EventCountry "UAE"]
[SourceTitle "playchess.com"]
[Source "ChessBase"]
[SourceQuality "1"]

{[%evp 13,61,24,62,20,79,27,40,31,45,0,0,0,0,-40,0,0,0,0,-13,0,125,137,189,125,215,213,177,147,140,126,175,163,204,202,214,224,244,245,292,282,285,289,381,365,422,408,435,432,433,417]} 1. c4 c5 2. Nc3 Nf6 3. g3 d5 4. cxd5 Nxd5 5. Bg2 Nxc3 6. bxc3 Nc6 {A34: Symmetrical English: 2 Nc3, lines with ...d5} (6... e5 7. d3 Nc6 8. Nf3 Be7 9. O-O O-O 10. Rb1 Rb8 11. Nd2 Be6 12. Bxc6 bxc6 13. Rxb8 Qxb8 14. Qa4 a5 15. Ba3 Qb5 16. Qc2 a4 17. Rb1 Qa5 18. c4 {½-½ (79) Korobov,A (2689)-Yu,Y (2721) Novi Sad 2016}) 7. Rb1 g6 {LiveBook: 4 Games} 8. h4 Bg7 (8... Qc7 $11 {remains equal.}) 9. h5 ({Better is} 9. Qa4 $16) 9... Qc7 $11 10. Qa4 Bd7 11. hxg6 hxg6 12. Rxh8+ Bxh8 13. Qc4 $146 ({Predecessor:} 13. Qb3 b6 14. d3 Na5 15. Qc2 {½-½ (22) Makovec,B (2186)-Starcevic,A (2120) Sveti Filip i Jakov 2017}) 13... Na5 14. Qh4 {[%cal Rh4h8] [#]} Bf6 15. Qh7 {[%cal Rh7g8]} O-O-O 16. Qxf7 $40 {[%mdl 128] White is up to no good.} Qe5 (16... Bf5 $11 17. e4 Qc6) 17. Qxg6 $16 Rh8 (17... Qe6 $16 18. Qc2 Qc4) 18. Qe4 (18. d4 $18 cxd4 19. cxd4 Qxd4 20. Bf4) 18... Bf5 (18... Qxe4 $16 19. Bxe4 b6) 19. Qxe5 $18 Bxe5 20. Rb5 b6 21. d4 Bd6 22. e4 Bd7 23. Rb1 cxd4 24. cxd4 Nc6 25. Nf3 Nb4 26. Bd2 Nc2+ 27. Kd1 Na3 28. Rc1+ Kb8 29. e5 Ba4+ 30. Ke2 Bb5+ 31. Ke1 {[%mdl 32768] Precision: White = 55%, Black = 29%. . Sensor Board Error (Ke4/e5)?} 0-1

[Event "20th Dubai Open 2018"]
[Site "Dubai"]
[Date "2018.04.03"]
[Round "1"]
[White "Bhambure, Shantanu"]
[Black "Gupta, Abhijeet"]
[Result "0-1"]
[WhiteElo "2155"]
[BlackElo "2617"]
[Annotator "TA"]
[PlyCount "139"]
[EventDate "2018.??.??"]
[EventType "swiss"]
[EventCountry "UAE"]
[SourceTitle "playchess.com"]
[Source "ChessBase"]
[SourceQuality "1"]

{[%evp 9,139,16,17,0,10,10,12,9,21,0,0,0,2,0,0,0,0,19,14,20,29,7,32,15,29,17,90,7,5,10,8,0,0,0,0,22,48,20,193,164,156,155,157,147,147,147,147,150,157,145,157,148,176,176,179,177,433,433,444,425,438,112,113,108,119,108,108,118,107,125,97,71,75,74,83,0,0,0,0,0,0,0,4,0,0,0,6,10,9,8,19,0,0,0,0,0,25,8,8,8,54,8,8,8,11,8,43,0,0,0,0,0,0,0,0,0,0,0,0,0,0,0,0,0,0,-298,-288,-29973,-29976,-6095,0,-31]} 1. e4 c5 2. Nf3 Nc6 3. Bb5 e6 4. Bxc6 bxc6 5. b3 Ne7 6. Bb2 {B30: Sicilian: 2...Nc6 3 Bb5, lines without ...g6} d5 (6... Ng6 7. h4 h5 8. d3 f6 9. e5 d5 10. exd6 Bxd6 11. Nfd2 e5 12. Nc4 Be7 13. Nc3 Be6 {0-1 (39) Adams,M (2745)-Nakamura,H (2775) London 2014}) 7. O-O Ng6 8. Re1 f6 9. e5 $146 ({Predecessor:} 9. d4 Be7 10. Nbd2 O-O 11. c4 Qd7 12. exd5 cxd5 13. cxd5 Qxd5 14. dxc5 Bxc5 15. Ne4 Qxd1 16. Raxd1 {1-0 (70) Pershin,D (2345)-Budnikova,V (1906) St Petersburg 2016}) 9... Be7 10. Nc3 fxe5 11. Nxe5 Nxe5 12. Rxe5 O-O 13. Na4 Bd6 14. Qe2 Qe7 15. Re1 Bd7 16. f3 Rf6 17. Qf2 Rg6 (17... Be8 $11) 18. d3 (18. R5e2 $16) 18... Rf8 $11 19. R5e2 d4 $1 20. Bc1 e5 21. Kh1 Be6 22. Nb2 Bd5 23. Nc4 Qf6 $2 (23... e4 $11 24. dxe4 (24. Nxd6 e3 $15) 24... Bxc4 25. bxc4 Qe6) 24. Nxd6 Qxd6 25. Rxe5 h6 26. Re8 Kh7 {[#]} 27. Rxf8 $1 Qxf8 28. Bd2 Qf5 29. Re2 a6 30. Qf1 Qh5 31. Bf4 {[%cal Bd2f4,Bf4g3,Bg3f2][%mdl 32]} Rf6 32. Bg3 Bxf3 $2 (32... Qf5 33. Re7 Re6 34. Rxe6 Qxe6) 33. gxf3 $18 Rxf3 34. Bf2 Rf4 35. Re4 $2 (35. Qe1 $18 {and White stays clearly on top.}) 35... Qf3+ $16 36. Kg1 Qg4+ 37. Qg2 Rxe4 38. dxe4 Qd1+ 39. Qf1 Qxc2 40. Qe1 ({Don't play} 40. Qxa6 $6 d3 $11) 40... d3 41. Be3 {Black must now prevent Qd2.} Qxa2 42. Qd1 (42. Bxc5 $16 Qxb3 43. Bb4) 42... c4 $1 $11 43. bxc4 Qxc4 44. Qg4 d2 45. Qf5+ Kh8 46. Qc8+ Kh7 $1 47. Qf5+ Kh8 48. Bxd2 Qd4+ 49. Qf2 Qxe4 50. h3 Qb1+ 51. Kh2 Qe4 52. Bc3 {White threatens Qf8+ and mate.} Qe7 53. Qd2 {aiming for Qxh6+.} Kg8 54. Qd4 Kh8 55. h4 c5 56. Qg4 Qc7+ 57. Kg1 c4 58. h5 a5 59. Qg6 {Strongly threatening Qxh6+.} Kg8 60. Qe8+ Kh7 61. Be5 Qb7 62. Qg6+ Kg8 63. Kf2 Qf7+ 64. Ke3 a4 65. Kd4 a3 66. Kc3 a2 67. Kb2 $2 {[%mdl 8192]} (67. Qg1 $11) 67... Qf2+ $19 68. Ka3 $2 {[#]} (68. Ka1 $19 Qe1+ 69. Kxa2 Qxe5 70. Qg4) 68... Qa7+ 69. Kb4 a1=Q $2 ({Black should try} 69... Qe7+ $19 70. Qd6 Qxd6+ 71. Bxd6 a1=Q 72. Kxc4 Qd1) 70. Qe8+ {Precision: White = 55%, Black = 52%.} 0-1

[Event "20th Dubai Open 2018"]
[Site "Dubai"]
[Date "2018.04.03"]
[Round "1"]
[White "Llopis de Aysa, Manuel"]
[Black "Zubov, Alexander"]
[Result "0-1"]
[WhiteElo "2147"]
[BlackElo "2606"]
[Annotator "TA"]
[PlyCount "33"]
[EventDate "2018.??.??"]
[EventType "swiss"]
[EventCountry "UAE"]
[SourceTitle "playchess.com"]
[Source "ChessBase"]
[SourceQuality "1"]

{[%evp 9,33,42,36,37,87,91,92,86,102,99,150,138,148,145,202,187,222,108,110,95,325,292,324,315,388,364]} 1. e4 e5 2. Nf3 Nc6 3. Bb5 Nf6 4. d3 Ne7 5. Nc3 (5. Ba4 Ng6 6. h4 h5 7. c4 c6 8. Nc3 d6 9. Ng5 Be7 10. g3 Nf8 11. f3 Ne6 12. Be3 O-O {1-0 (64) Wei,Y (2706)-Ma,Z (2468) China 2015}) 5... Ng6 6. h4 {[%cal Bh2h4,Bh4h5,Bh5h6][%mdl 32] C65: Ruy Lopez: Berlin Defence (3...Nf6), unusual lines and 4 0-0 Bc5} c6 7. h5 $146 ({Predecessor:} 7. Bc4 h5 8. Ng5 d5 9. exd5 cxd5 10. Nxd5 Nxd5 11. Qf3 Be6 12. Nxe6 fxe6 {1-0 (32) Efimenko,Z (2601)-Cherniaev,A (2509) Coventry 2005}) 7... Ne7 8. Bc4 {White is better.} Qc7 9. d4 exd4 (9... d5 $142) 10. Qxd4 $16 d5 11. exd5 Nexd5 (11... Nf5 $16 {was necessary.} 12. Qd3 Bc5) 12. h6 {[%cal Rc4d5]} ({Much less strong is} 12. Bxd5 $6 Nxd5 13. Nxd5 cxd5 $16) ({Don't do} 12. Nxd5 $6 cxd5 13. Bb5+ Bd7 $16) 12... Qb6 13. Qe5+ ({Don't play} 13. Nxd5 $6 cxd5 14. Bb3 Qxd4 $16) (13. Bxd5 $18 cxd5 14. Bf4) 13... Be6 14. Bxd5 cxd5 $2 {[#]} (14... Ng4 $16 {is a better defense.} 15. hxg7 Qxf2+ 16. Kd1 Nxe5 17. gxh8=Q Nxf3 18. gxf3 O-O-O) 15. Be3 $1 $18 {[%cal Re3b6]} Qxb2 16. O-O Rg8 17. Rab1 {[%mdl 32768] Precision: White = 78%, Black = 28%. . Loss on Time!?} 0-1

[Event "20th Dubai Open 2018"]
[Site "Dubai"]
[Date "2018.04.03"]
[Round "1"]
[White "Hakobyan, Eduard"]
[Black "Pantsulaia, Levan"]
[Result "0-1"]
[WhiteElo "2135"]
[BlackElo "2592"]
[Annotator "TA"]
[PlyCount "102"]
[EventDate "2018.??.??"]
[EventType "swiss"]
[EventCountry "UAE"]
[SourceTitle "playchess.com"]
[Source "ChessBase"]
[SourceQuality "1"]

{[%evp 19,102,41,38,34,20,30,23,33,19,26,76,60,58,64,66,60,65,56,76,77,79,75,73,67,83,72,72,64,66,0,0,0,41,49,49,0,0,0,0,0,0,0,0,0,0,-124,-141,-145,-145,-104,-23,-29,0,-8,-8,-8,-8,-8,0,-8,0,0,0,-16,0,0,0,0,0,-85,-85,-85,-8,-8,-8,-8,-8,-8,-8,-8,-8,-8,-8,0,109]} 1. d4 Nf6 2. c4 g6 3. Nc3 Bg7 4. e4 d6 5. Nf3 O-O 6. Be2 e5 7. d5 a5 8. Bg5 Na6 9. Nd2 h6 10. Be3 {E92: King's Indian: Classical: 6 Be2 e5: 7 dxe5, 7 Be3 and Petrosian System without 7...Nbd7} Nd7 {LiveBook: 8 Games} 11. g4 (11. O-O f5 12. f3 f4 13. Bf2 c5 14. dxc6 bxc6 15. Nb3 Ndc5 16. Qd2 Nxb3 17. axb3 Nc5 {½-½ (35) Mirzoev,E (2405)-Triapishko,O (2530) Batumi 2018}) 11... Ndc5 12. a3 Bd7 13. Qc2 $146 ({Predecessor:} 13. b3 f5 14. gxf5 gxf5 15. h4 f4 16. Bxc5 Nxc5 17. b4 axb4 18. axb4 Rxa1 19. Qxa1 {1-0 (38) Valenzuela Gomez,F (2334)-Sanchez Sandoval,G (2249) Valdivia 2016}) 13... c6 14. h4 f5 15. gxf5 {Strongly threatening Rg1.} gxf5 16. O-O-O {[%cal Ba1d1,Bd1g1,Bg1g4][%mdl 32]} f4 17. Bxc5 $1 Nxc5 18. Rdg1 Kh7 19. Bg4 Bxg4 20. Rxg4 Rg8 21. Rhg1 Qd7 22. Na4 Nxa4 23. Qxa4 Bf6 24. Qd1 (24. Rxg8 $14 Rxg8 25. Rxg8 Kxg8 26. h5) 24... Rxg4 $11 25. Rxg4 Rg8 26. Rxg8 Kxg8 27. Qh5 Kg7 28. Nf3 Qh3 {Threatens to win with ...Qf1+.} 29. Kd2 cxd5 30. cxd5 Qg2 31. Ke2 Qg6 32. Qf5 (32. Qxg6+ $11 {was the only way to keep the balance.} Kxg6 33. Nd2) 32... Qxf5 $17 33. exf5 {[%mdl 4096] Endgame KB-KN} e4 34. Nd2 Bxb2 ({Better is} 34... a4 $1 $17) 35. Nc4 $1 $11 {[%cal Rc4b2]} Be5 36. a4 Kf6 37. Nxa5 b6 38. Nc4 Bd4 39. Nxd6 Ke5 40. Nf7+ Kxd5 41. Nxh6 {aiming for Nf7.} Ke5 42. f3 e3 43. Nf7+ Kxf5 44. Nd6+ {[#]} (44. h5 $1 $11 {remains equal.}) 44... Kg6 $1 $17 45. Nb5 {[#]} Bf6 (45... Be5 $1 $17 {Threatening ...Kh5.} 46. Na7 Bf6) 46. Nc7 $11 {And now Nd5 would win.The position is equal.} Bxh4 47. Nd5 Kf5 {With the idea ...Bd8.} 48. Nxb6 Ke6 49. Kd3 Bd8 50. Nc4 Kd5 {White must now prevent ...e2!} 51. Nxe3+ Ke5 {[%mdl 32768] Precision: White = 69%, Black = 56%. . Sensor Board Error (Ke4/e5)?} (51... fxe3 $11 52. Kxe3 Bh4) 0-1

[Event "20th Dubai Open 2018"]
[Site "Dubai"]
[Date "2018.04.02"]
[Round "1"]
[White "San Juan, Dennis"]
[Black "Narayanan S L"]
[Result "0-1"]
[WhiteElo "2123"]
[BlackElo "2568"]
[Annotator "TA"]
[PlyCount "76"]
[EventDate "2018.??.??"]
[EventType "swiss"]
[EventCountry "UAE"]
[SourceTitle "playchess.com"]
[Source "ChessBase"]
[SourceQuality "1"]

{[%evp 16,76,-18,-27,-7,-17,0,-53,-20,-27,-20,-21,-24,-30,0,-17,0,0,24,-24,12,0,13,0,8,-55,-44,-70,-68,-46,-42,-94,-93,-113,-89,-166,-169,-319,-194,-193,-198,-313,-296,-308,-308,-393,-210,-331,-268,-244,-250,-395,-381,-392,-400,-429,-425,-776,-777,-759,-734,-800,-756]} 1. d4 Nf6 2. Nf3 d5 3. Bf4 c5 4. e3 Nc6 5. c3 Qb6 6. Qb3 c4 7. Qc2 Bf5 8. Qc1 e6 9. Nbd2 Rc8 {D02: 1 d4 d5 2 Nf3 sidelines, including 2...Nf6 3 g3 and 2...Nf6 3 Bf4} (9... h6 10. Be2 Qd8 11. b3 b5 12. a4 a6 13. O-O Be7 14. axb5 axb5 15. Rxa8 Qxa8 16. bxc4 bxc4 17. Qb2 {½-½ (47) Gabuzyan,H (2571)-Petrosyan,M (2570) Yerevan 2018}) 10. h3 Qd8 $146 (10... h6 {is interesting.} 11. Be2 Be7 12. O-O O-O 13. b3 Qa5) ({Predecessor:} 10... h6 11. g4 Bh7 12. Ne5 Be7 13. Rg1 Ne4 14. Nxe4 Bxe4 15. Be2 f6 16. Nxc6 Qxc6 17. f3 {0-1 (38) Hund,G (1987)-Milov,L (2454) Nuremberg 2011}) 11. a4 (11. Be2 $11) 11... Bd6 {Black is slightly better.} 12. Bxd6 Qxd6 13. Be2 O-O 14. O-O Nd7 15. e4 dxe4 16. Nxc4 Qe7 17. Nh2 Bg6 18. Qd2 Rfd8 19. Qe3 Nf6 20. Rad1 (20. Ng4 $11) 20... Nd5 21. Qc1 Qc7 22. Rfe1 a6 23. Ne3 ({White should play} 23. Ng4 $15) 23... Nf4 $36 {[%mdl 2048] [#] aiming for ...Nxd4! Keeping White busy.} 24. Bf1 Bh5 25. g4 (25. Neg4 $17) 25... Bg6 $19 26. Nc2 (26. Qa1 $142) 26... e5 27. dxe5 Nxe5 28. Re3 (28. Rxd8+ {was worth a try.} Rxd8 29. Qe3 (29. Qxf4 $2 Nf3+ 30. Qxf3 exf3 $19)) 28... Ned3 29. Qa1 h5 30. Nd4 Nd5 (30... Rxd4 $142 31. cxd4 Qc2 32. Bxd3 exd3) 31. Re2 (31. Rexd3 $142 exd3 32. gxh5) 31... N3f4 32. Ree1 Qe7 33. Ne2 (33. Qc1 $142) 33... Nd3 34. Rxd3 exd3 35. Nf4 Qf6 {Black is clearly winning.} 36. Nxd3 (36. Nxg6 $142 Qxg6 37. Qd1) 36... Bxd3 37. Bxd3 Nf4 38. Bf1 Rd2 {Precision: White = 21%, Black = 39%.} 0-1

[Event "20th Dubai Open 2018"]
[Site "Dubai"]
[Date "2018.04.02"]
[Round "1"]
[White "Dimarucut, Francis Erwin"]
[Black "Kiriakov, Petr"]
[Result "0-1"]
[WhiteElo "2107"]
[BlackElo "2520"]
[Annotator "TA"]
[PlyCount "72"]
[EventDate "2018.??.??"]
[EventType "swiss"]
[EventCountry "UAE"]
[SourceTitle "playchess.com"]
[Source "ChessBase"]
[SourceQuality "1"]

{[%evp 9,72,3,16,0,0,-6,-3,0,0,-3,4,-23,-24,-27,0,0,8,0,8,-13,-8,-24,0,0,0,-19,-18,-50,-38,-55,-49,-45,-54,-152,-163,-266,-288,-277,-249,-294,-312,-312,-312,-392,-380,-497,-497,-494,-495,-489,-476,-525,-391,-386,-373,-1084,-1120,-1117,-1082,-29980,-29981,-29981,-29982,-29980,-29981]} 1. b3 d5 2. Bb2 c5 3. f4 (3. Nf3 Nf6 4. e3 g6 5. Bxf6 exf6 6. c3 Nc6 7. d4 b6 8. Bb5 Bb7 9. O-O a6 10. Bd3 Bd6 11. Re1 O-O 12. g3 Qc7 {½-½ (73) Nakamura,H (2786)-Caruana,F (2802) chess.com INT 2017}) 3... d4 4. Nf3 Nc6 5. g3 Nf6 6. Bg2 {A01: Nimzowitsch-Larsen Opening} g6 7. O-O Bg7 8. Na3 {The position is equal.} O-O 9. Nc4 Be6 $146 ({Predecessor:} 9... Nd7 10. e3 e5 11. fxe5 Ndxe5 12. Nfxe5 Nxe5 13. Nxe5 Bxe5 {½-½ (50) Gatterer,F (2206)-Pitschka,C (2279) Austria 2006}) 10. Ng5 Bxc4 11. bxc4 e5 12. f5 Ne7 13. fxg6 hxg6 14. Qe1 Rb8 15. a4 Bh6 16. Rxf6 {[#] Hoping for Ne4.} Bxg5 17. Rf2 f5 {[%cal Bf7f5,Bf5f4][%mdl 32]} 18. e4 f4 19. Qe2 Qd7 20. Raf1 fxg3 21. Rxf8+ ({White must play} 21. hxg3 $15 Rxf2 22. Qxf2) 21... Rxf8 $17 22. Rxf8+ (22. hxg3 $142 Qxa4 23. Qg4 Rxf1+ 24. Bxf1) 22... Kxf8 $19 23. hxg3 Qxa4 24. Qd3 b6 25. Bh3 Kg7 26. Be6 Ng8 27. Ba3 Nf6 28. Kg2 Qa5 29. Bc1 Qa1 30. Qf1 Qb1 31. Qd1 a5 32. Bd7 $2 {[#]} (32. Bg4) 32... Nxd7 33. Qg4 Nf6 34. Qxg5 Qxc1 {Black mates.} 35. Qxe5 Qxd2+ 36. Kh3 g5 {Precision: White = 45%, Black = 84%.} 0-1

[Event "20th Dubai Open 2018"]
[Site "Dubai"]
[Date "2018.04.03"]
[Round "1"]
[White "Maroroa, Sue"]
[Black "Debashis, Das"]
[Result "0-1"]
[WhiteElo "2102"]
[BlackElo "2518"]
[Annotator "TA"]
[PlyCount "125"]
[EventDate "2018.??.??"]
[EventType "swiss"]
[EventCountry "UAE"]
[SourceTitle "playchess.com"]
[Source "ChessBase"]
[SourceQuality "1"]

{[%evp 15,125,12,61,25,59,56,66,73,66,65,83,76,96,82,83,97,84,79,115,110,106,109,106,58,94,88,86,55,45,42,40,0,33,36,72,74,70,59,66,57,95,90,89,71,70,51,60,29,42,43,54,58,55,-116,63,22,145,114,125,104,235,148,148,87,95,121,131,99,201,203,203,203,200,186,202,195,175,124,127,121,121,121,137,135,137,150,161,150,29968,29971,29968,29972,29972,29973,29974,29975,29975,29976,29976,29976,29976,29976,29976,29977,29977,29978,29978,29979,29981,29982,29983,29984]} 1. c4 Nf6 2. g3 g6 3. Nc3 Bg7 4. Bg2 O-O 5. d4 c6 6. e4 d6 7. Nf3 Bg4 8. O-O Nbd7 {LiveBook: 5 Games. E62: King's Indian: Fianchetto: 6...c6 and Panno Variation (6...Nc6) without ...a6} 9. Re1 (9. Be3 e5 10. d5 Qe7 11. Qb3 Bxf3 12. Bxf3 Nc5 13. Qa3 a5 14. Rfd1 Nfd7 15. Rd2 f5 16. exf5 gxf5 17. dxc6 e4 18. Nd5 Qf7 19. cxd7 exf3 20. Bxc5 dxc5 21. Qxc5 Kh8 22. Nf4 Rad8 23. Qd5 {1-0 (23) Fridman,D (2667)-Jurcik,M (2496) Warsaw 2012}) 9... e5 10. d5 $1 Qc7 {White is slightly better.} 11. h3 Bxf3 12. Bxf3 a5 $146 ({Find the theoretical novelty and annotate with similar games:} 12... a6 13. b3 Rfd8 14. Rb1 Nb6 15. Qd3 Rac8 16. Bb2 Qd7 {0-1 (71) Mbusnoum,H-Medina Ucles,E Khanty-Mansiysk 2010}) 13. Be3 Rad8 14. Bg2 Nc5 15. Rc1 Nfd7 16. a3 Na6 17. Rb1 f5 18. exf5 gxf5 19. f4 Nb6 20. Bf2 e4 21. Bf1 Nc5 22. Kh2 a4 23. Qc2 Kh8 24. Rbd1 Rd7 25. Be3 Rdf7 26. Be2 Bh6 27. Rg1 Qb8 28. Rdf1 Qc7 29. g4 fxg4 30. Rxg4 Qe7 31. Qd2 Nb3 32. Qd1 {And now Bd4+ would win.} Nc5 $1 33. Qe1 Nbd7 34. Qd1 $2 {[#]} (34. Qh4 $14 {stays ahead.} Qxh4 35. Rxh4) 34... Nb6 $2 (34... Ne5 $1 $17 {[%cal Re5g4][%mdl 512]} 35. Qd4 (35. fxe5 Rxf1) 35... Nb3 36. Qxe4 Nxg4+ 37. Bxg4 Qxe4 38. Nxe4 Bxf4+ 39. Bxf4 Rxf4 40. Rxf4 Rxf4 41. Nxd6 Nc5) 35. Rf2 {Black should prevent Bd4+.} Bg7 (35... Nbd7 $1 $11) 36. Rfg2 $16 Bf6 37. Qg1 $36 {[%mdl 2048] White threatens Rg8+ and mate. White is on the roll.} Qe8 (37... Rg7 $16) 38. dxc6 bxc6 39. Bxc5 ({White should try} 39. R4g3 {Strongly threatening Bh5.} Qb8 40. Bh5 (40. Bxc5 dxc5 41. Qxc5 Nd7 $14)) 39... dxc5 40. Qxc5 Nd7 41. Qxc6 Ne5 (41... Qb8 $16 {was called for.}) 42. Qxe8 $18 {White wants to mate with Rg8+.} Nxg4+ 43. Bxg4 Rxe8 44. Bh5 ({Less strong is} 44. Nxa4 Rb8 $14) 44... Bxc3 45. Bxf7 {[%mdl 4096] Endgame KRB-KRB} Rf8 46. Bd5 (46. bxc3 $18 Rxf7 47. Re2) 46... Bg7 47. Bxe4 Rxf4 48. Re2 Bxb2 49. Rxb2 Rxe4 $16 {[#] KR-KR} 50. Rc2 $1 Kg7 51. c5 {[%cal Bc4c5,Bc5c6,Bc6c7][%mdl 32] Black must now prevent c6.} Kf6 $2 (51... Re7 $16 52. Kg3 Kf7) 52. c6 {White mates.} Re8 53. c7 Rc8 54. Kg3 Kf5 55. Kh4 Kg6 56. Rc6+ Kf7 57. Kh5 Kg7 58. h4 h6 59. Rc4 Kh7 60. Rc3 Kg7 61. Rc6 Kf7 62. Kxh6 Ke7 63. Kg7 {[%mdl 32768] Precision: White = 61%, Black = 39%. . Sensor Board Error (Ke4/e5)?} 0-1

[Event "20th Dubai Open 2018"]
[Site "Dubai"]
[Date "2018.04.03"]
[Round "1"]
[White "Barretto, Franz"]
[Black "Gagare, Shardul"]
[Result "0-1"]
[WhiteElo "2099"]
[BlackElo "2502"]
[Annotator "TA"]
[PlyCount "78"]
[EventDate "2018.??.??"]
[EventType "swiss"]
[EventCountry "UAE"]
[SourceTitle "playchess.com"]
[Source "ChessBase"]
[SourceQuality "1"]

{[%evp 11,78,-31,-41,-33,0,0,16,5,5,0,0,0,7,0,0,0,6,10,16,-9,-8,-20,-20,-22,-25,-50,-31,-62,-54,-64,-47,-66,-63,-75,-66,-87,-40,-61,-41,-98,-48,-122,-104,-104,-104,-116,-97,-97,-97,-112,-112,-112,-103,-104,-104,-104,-104,-112,-104,-104,-104,-105,-110,-111,-111,-172,-170,-157,-131]} 1. e4 e6 2. d4 d5 3. Nd2 c5 4. Ngf3 cxd4 5. e5 (5. Nxd4 Nc6 6. Bb5 Bd7 7. Nxc6 bxc6 8. Bd3 Bd6 9. Qe2 Ne7 10. Nf3 h6 11. c4 O-O 12. O-O a5 13. Re1 a4 14. Bd2 Rb8 15. Bc3 Bb4 16. Ne5 Bxc3 17. bxc3 {½-½ (52) Navara,D (2740)-Kovalenko,I (2639) Katowice 2017}) 5... Nc6 6. Nb3 {C07: French Tarrasch: 3...c5, 4 Ngf3 and 4 exd5 Qxd5} Qc7 {LiveBook: 3 Games} 7. Nbxd4 Nxd4 8. Qxd4 {The position is equal.} Ne7 9. c3 Nc6 10. Qf4 f6 {[%cal Rf6e5]} 11. Bb5 $146 ({Find the theoretical novelty and annotate with similar games:} 11. exf6 Qxf4 12. Bxf4 gxf6 {½-½ (62) Lurje,P (2172)-Tukmakov,V (2568) Zuerich 2002}) 11... Bd7 {[%cal Rf6e5]} 12. Bxc6 bxc6 {[%cal Bb7c6,Bc6c5][%mdl 32]} 13. O-O ({Much weaker is} 13. exf6 Qxf4 14. Bxf4 gxf6 $17) 13... Be7 14. Qg3 O-O 15. Bf4 {[#] Hoping for exf6.} f5 16. Bg5 (16. Bh6 {NOTEXT} Rf7 17. Bg5 c5 18. Bxe7 Rxe7 19. b4) 16... Bxg5 17. Qxg5 c5 18. Rfd1 a5 {[%cal Ba7a5,Ba5a4][%mdl 32]} 19. Rd2 a4 20. Qf4 Rab8 21. Rc1 Bc6 22. h3 Qe7 23. Ne1 g5 24. Qf3 Rb6 25. Qe2 (25. Qg3 $15) 25... Bb5 26. Nd3 ({White should play} 26. Qd1 $15) 26... Rfb8 27. Rcc2 f4 28. Qf3 Bxd3 29. Qxd3 Kg7 30. a3 Qf7 31. Qe2 Qf5 32. f3 Kg6 33. Qf2 Rc6 34. Re2 Qd3 35. Rcd2 Qb1+ 36. Re1 Qf5 37. Ree2 h5 38. Kf1 (38. Qe1 $17 {keeps fighting.}) 38... Rc7 $19 39. Ke1 Rb3 {Precision: White = 30%, Black = 61%.} 0-1